| Tag |
First Indicator |
Second Indicator |
Subfields |
| LEADER |
00000cam a22000001a 4500 |
| 001 |
in00003192166 |
| 006 |
m d f |
| 007 |
cr bn mmmapmmp |
| 008 |
090623s1966 dcu o f000 0 eng d |
| 005 |
20260511205844.7 |
| 035 |
|
|
|a cis2007433333
|
| 040 |
|
|
|a UMI
|c UMI
|d UtOrBLW
|
| 043 |
|
|
|a n-us---
|
| 086 |
0 |
|
|a Y 4.J 89/2:C 89/2/966/pt.1
|
| 099 |
|
|
|a HRG-1966-SJS-0021
|
| 110 |
1 |
|
|a United States.
|b Congress.
|b Senate.
|b Committee on the Judiciary.
|b Subcommittee to Investigate Problems Connected with Refugees and Escapees.
|
| 245 |
1 |
0 |
|a Cuban Refugee Problem.
|n Part 1 :
|b hearings before the United States Senate Committee on the Judiciary, Subcommittee to Investigate Problems Connected with Refugees and Escapees, Eighty-Ninth Congress, second session, on Mar. 23, 24, 29, 30, 1966.
|
| 264 |
|
1 |
|a Washington :
|b U.S. G.P.O.,
|c 1966.
|
| 300 |
|
|
|a 1 online resource.
|
| 336 |
|
|
|a text
|b txt
|2 rdacontent
|
| 337 |
|
|
|a computer
|b c
|2 rdamedia
|
| 338 |
|
|
|a online resource
|b cr
|2 rdacarrier
|
| 500 |
|
|
|a Record is based on bibliographic data in ProQuest Congressional Hearings Digital Collection. Reuse except for individual research requires license from ProQuest, LLC.
|
| 538 |
|
|
|a System requirements: PDF reader software.
|
| 500 |
|
|
|a Electronic resource.
|
| 650 |
|
0 |
|a Political refugees
|x Legal status, laws, etc.
|z United States.
|
| 655 |
|
7 |
|a Electronic books.
|2 local
|
| 710 |
2 |
|
|a ProQuest (Firm)
|
| 776 |
0 |
8 |
|i Print version:
|a United States. Congress. Senate. Committee on the Judiciary. Subcommittee to Investigate Problems Connected with Refugees and Escapees.
|t Cuban Refugee Problem
|
| 776 |
0 |
8 |
|i Microfiche version:
|a United States. Congress. Senate. Committee on the Judiciary. Subcommittee to Investigate Problems Connected with Refugees and Escapees.
|t Cuban Refugee Problem.
|d [Bethesda, Md.] : ProQuest,[2004]
|o CIS Hrgs MF Gp 3--(89) S1757-4-A
|w (ProQuest)cis10802928
|
| 830 |
|
0 |
|a U.S. Congressional Hearings.
|
| 856 |
4 |
0 |
|u http://proxy.library.tamu.edu/login?url=https://congressional.proquest.com/congcomp/getdoc?HEARING-ID=HRG-1966-SJS-0021
|z Connect to the full text of this electronic book
|t 0
|
| 998 |
|
|
|a cis10802928
|
| 999 |
|
|
|a MARS
|
| 999 |
f |
f |
|s 4b705558-9ba8-34bd-bb84-d9d21d35c550
|i 9926e232-2966-3c58-8fee-b06ceaaa0d66
|t 0
|
| 952 |
f |
f |
|a Texas A&M University
|b College Station
|c Electronic Resources
|s www_evans
|d Available Online
|t 0
|e HRG-1966-SJS-0021
|h Other scheme
|
| 998 |
f |
f |
|a HRG-1966-SJS-0021
|t 0
|l Available Online
|